NCC trade directory 2012.
| Corporate Author: | |
|---|---|
| Format: | Book |
| Published: |
Kathmandu:
Nepal Chamber of Commerce (NCC),
2012.
|
| Subjects: |
| LEADER | 00507cam a2200157 7i4500 | ||
|---|---|---|---|
| 001 | 0000028819 | ||
| 005 | 20130606090000.0 | ||
| 090 | 0 | 0 | |a NEPL 338.7025 |b NEP |
| 110 | 2 | 0 | |a Nepal Chamber of Commerce (NCC) |
| 245 | 2 | 0 | |a NCC trade directory 2012. |
| 260 | 0 | 0 | |a Kathmandu: |b Nepal Chamber of Commerce (NCC), |c 2012. |
| 300 | # | # | |a 448 p. |
| 650 | 0 | 0 | |a Business -- |x Directories -- |z Nepal |
| 650 | 0 | 0 | |a Exports -- |x Directories -- |z Nepal |
| 651 | 0 | 0 | |a Nepal |
| 999 | |a B000032281 |b Directories |c Countries |e Business Information Centre | ||